Fruits et légumes - Statistiques

Statistiques générales
  • Ce quiz a été pris 243 fois
    88 depuis la dernière actualisation
  • Le résultat moyen est 45 sur 121
Statistiques - réponses
Par images Réponse % Correct
ananas
99%
concombre
97%
oignon
96%
avocat
92%
aubergine
90%
fraise
90%
figue
85%
framboise
85%
mangue
85%
poireau
65%
courgette
63%
ail
61%
chou fleur
61%
endive
61%
raisin
61%
coing
59%
fruit de la passion
59%
litchi
59%
menthe
59%
poivron
59%
tomate
59%
pitaya
58%
lentille
56%
myrtille
56%
carotte
55%
grenade
55%
kaki
55%
melon
55%
noix de coco
55%
artichaut
54%
cerise
54%
noix
54%
papaye
54%
pomme de terre
54%
brocolis
52%
clémentine
52%
maïs
52%
orange
52%
chou de bruxelles
51%
citron
51%
gingembre
51%
marron
51%
patate douce
51%
noisette
49%
petit pois
49%
betterave
48%
datte
48%
échalote
48%
navet
48%
basilic
46%
butternut
46%
prune
46%
ciboulette
44%
fenouil
42%
panais
42%
épinard
41%
laitue
41%
potimarron
41%
radis noir
41%
citron caviar
39%
celerie
34%
mâche
34%
figue de barbarie
32%
Pomelo
30%
coriandre
28%
golden
28%
mangoustan
28%
manioc
28%
granny smith
27%
persil frisé
27%
physalis
27%
persil plat
25%
carambole
23%
céleri rave
23%
iceberg
23%
topinambour
23%
batavia
20%
chêne
18%
gala
18%
piment oiseau
18%
rutabaga
18%
tamarin
18%
cardon
17%
pied de bette
17%
salsifis
17%
ananas pain de sucre
15%
canada
15%
gombo
15%
romaine
15%
anone
14%
aubergine chinoise
14%
igname
14%
piment antillais
14%
williams
14%
christophine
13%
doyenne de comice
13%
louise bonne
13%
piment végétal
13%
rocha
13%
chantecler
11%
crosne
11%
fruit du pain
11%
grenadille
11%
longane
11%
mini jack
11%
red prince
11%
combavas
10%
courge spagetti
10%
melano
10%
pirouette
10%
reine des glaces
10%
chayotte
8%
président héron
8%
ramboustan
8%
tamarillo
8%
trévise
7%
castelfranco
6%
trévisana
6%
berrnettine
4%
cerfeuil tubéreux
4%
delica moretti
4%
Aucun quiz correspondant
Distribution des résultats
% des personnes avec chaque résultat
Percentile par nombre de réponses
Votre historique - résultats
Vous n’avez pas pris ce quiz depuis la dernière actualisation